01723naa a22003977a 4500001001000000003000900010005001700019007000300036008003400039040005400073041000900127072003100136090001800167100002600185100001700211100001400228100002200242111008800264245017600352246018300528246004300711250001100754260003900765500011000804650001700914650002200931650000900953650001400962650001900976650001200995773010001007909003601107942001401143999001901157952014901176BR8200093BR-BrBNA20240918175106.0ta230509b bl.||||| |||| 00| 0 por d aBR-BrBNAbporcBiblioteca Nacional de Agricultura a(Pt) aH60; H50b0336b3876bG514 aH60 BR82000931 aVelloso, J.A.R. de O.1 aVieira, S.A.1 aBen, J.R.1 aBertagnolli, P.F.1 a9. Reuniao de Pesquisa de Soja da Regiao SulcPasso Fundo, RS (Brazil)d29 Jul 19811 aEficiencia e seletividade de herbicidas de pre e pos-emergencia no controle de folhas largas para a cultura da soja [Glycine max; Herbicida; Toxidez; Fitotoxidade; Brasil]1 a[Efficiency and selectiveness of previous and post-emergence herbicides in the control of broad leaves for soybean crop [Glycine max; Herbicide; Toxicity; Phytotoxicity; Brazil]]1 a[Soybean. Research findings 1980-1981]1 a2. ed.3 aPasso Fundo, RS (Brasil): c1981.  aSoja. Resultados de Pesquisa 1980-1981 2. ed. Passo Fundo, RS (Brasil): 1981. p. 76-81 (BR8200093-AM)H60  aErva daninha aDisturbio vegetal aSoja aHerbicida aFitotoxicidade aToxidez0 tSoja. Resultados de Pesquisa 1980-1981wH60 BR8200093gPasso Fundo, RS (Brasil), 1981. p. 76-81 a202404bLuciac55dLucia Elande cAM2AGRIS c314978d314978 002AGRIS40708Acervo Gerala41918b41918cAgrobasel0o0336 BR8200082r2024-05-20t01yAM10d2024-04-11ePortaria Interministerial nÂș 164/94